000 00683nam a2200217 a 4500
001 19066
003 CO-ViMGA
008 141112s2004 ck r 000 u spa d
020 _a8471144840
040 _aCO-ViMGA
_bspa
_cCO-ViMGA
082 0 4 _a633.84 P373m
100 1 _aPerez Bueno, Manuel
_927342
245 1 0 _aLa Mostaza :
_bcultivo, enfermedades, rendimientos e industrialización
260 _aMadrid :
_bMundi - prensa; 1994
300 _a163 p.
490 _aAgroguías Mundi - prensa
590 _aForma de adquisición : Proyecto 2005 - - Precio :
_ 39.600
650 1 4 _aMOSTAZA - CULTIVO
_927343
650 1 4 _aMOSTAZA - ENFERMEDADES Y PLAGAS
_927344
942 _2ddc
_cBK
999 _c28252
_d28252